Guess the Language from the Sentence - Statistics

General Stats
  • This quiz has been taken 208 times
  • The average score is 17 of 26
Answer Stats
Hint Answer % Correct
Le renard brun rapide saute par-dessus le chien paresseux. French
88%
Der schnelle braune Fuchs springt über den faulen Hund. German
88%
Быстрая бурая лиса перепрыгивает через ленивую собаку. Russian
88%
يقفز الثعلب البني السريع فوق الكلب الكسول. Arabic
84%
这只敏捷的棕色狐狸跳过了那只懒狗。 Chinese
84%
재빠른 갈색 여우가 게으른 개를 뛰어넘는다. Korean
84%
A rápida raposa marrom salta sobre o cão preguiçoso. Portuguese
82%
El rápido zorro marrón salta sobre el perro perezoso. Spanish
82%
素早い茶色のキツネが怠け者の犬を飛び越えます。 Japanese
78%
De snelle bruine vos springt over de luie hond. Dutch
77%
La volpe marrone salta velocemente sopra il cane pigro. Italian
75%
Szybki brązowy lis przeskakuje nad leniwym psem. Polish
71%
Nopea ruskea kettu hyppää laiskan koiran yli. Finnish
68%
Con cáo nâu nhanh nhẹn nhảy qua con chó lười. Vietnamese
68%
Жылдам қоңыр түлкі жалқау иттің үстінен секіреді. Kazakh
64%
Hızlı kahverengi tilki tembel köpeğin üzerinden atlar. Turkish
64%
Hinn snöggur brúni refur stekkur yfir lata hundinn. Icelandic
63%
Mae'r llwynog brown cyflym yn neidio dros y ci diog. Welsh
61%
Vulpea maro iute sare peste câinele leneș. Romanian
52%
Lele ka ʻalopeke ʻeleʻele wikiwiki ma luna o ka ʻīlio palaualelo. Hawaiian
51%
روباه قهوه ای سریع از روی سگ تنبل می پرد. Persian
50%
Rubah coklat yang gesit melompati anjing malas. Indonesian
48%
Azeri arre bizkorrak txakur alferraren gainetik jauzi egiten du. Basque
46%
Ka peke te pokiha parauri tere ki runga i te kuri mangere. Maori
38%
Nkịta nkịta na-acha aja aja na-agba ọsọ na-amali n'elu nkịta umengwụ. Igbo
32%
Impungushe esheshayo ensundu yeqa phezu kwenja evilaphayo. Zulu
32%
No matching quizzes found
Score Distribution
Percent of People with Each Score
Percentile by Number Answered
Your Score History
You have not taken this quiz